000 00498nam a2200181Ia 4500
001 12516
003 GE_BSU
008 181216s||||||||xx |||||||||||||| ||und||
040 _cGE_BSU
080 _aპერიოდიკა
245 _aТур бизнес=Travel trade russia №10\314 2014.
245 _cГл.ред. Елена Борисова
260 _aМосква
260 _c2014
300 _a72стр.28см.
653 _aТурбизнес=Travel trade russia
942 _cCR
999 _c45689
_d45689